000 00763nam a22002297a 4500
003 UA-OsUOA
001 36163
007 ta
008 20060707b un ||||| |||| 00| 0 ukr d
090 _a082/94(477)
_bН34
942 _cBK
040 _aUA-OsUOA
_bukr
_cUA-OsUOA
_dUA-OsUOA
245 _aНауковий вісник Чернівецького університету
_bЗбірник наукових праць
300 _a471 с.
955 _a1
041 _aukr
080 _a082/94(477)
260 _aЧернівці
_bРута
_c2003
246 3 1 _aВипуск 173-174
_nІсторія. Політичні науки. Міжнародні відносини.
650 7 _a08 Видання. Колективні праці
_2UDC
999 _c434694
_d434694